000 00479nam a2200181Ia 4500
008 090124s9999 xx 000 0 und d
082 _b16997
_a5816
100 _aपै शिरीष
245 _a संधिप्रकाश
250 _a1
260 _c1968
300 _a148
600 _aपै शिरीष
630 _a संधिप्रकाश
700 _aपै शिरीष
730 _a संधिप्रकाश
942 _cBOOK
999 _c130937
_d130937